000 00290nam a22001337a 4500
008 170620b xxu||||| |||| 00| 0 eng d
020 _a0316052396
041 _aeng
080 _a32
100 _a20
101 _aSHP
245 _aINTERNATIONAL POLITICS
_cART.R.J
942 _2udc
_cBK
999 _c18291
_d18291